Carregant...
Comparative vertebrate endocrinology
| Autor principal: | |
|---|---|
| Format: | Printed Book |
| Publicat: |
Cambridge University Press, Cambridge
1982
|
| Edició: | 2 |
| Matèries: |
| LEADER | 00501nam a2200193 4500 | ||
|---|---|---|---|
| 020 | |||
| 082 | |a 573.4 BEN-C2 | ||
| 100 | |a Bentley, P J | ||
| 245 | |a Comparative vertebrate endocrinology | ||
| 250 | |a 2 | ||
| 260 | |a Cambridge University Press, Cambridge |c 1982 | ||
| 300 | |||
| 490 | |||
| 500 | |||
| 590 | |a PJ | ||
| 650 | |a Endocrinology | ||
| 942 | |c BK | ||
| 999 | |c 90422 |d 90422 | ||
| 952 | |0 0 |1 0 |4 0 |6 573_400000000000000_BENC2 |7 0 |9 103890 |a ZGY |b ZGY |l 0 |o 573.4 BEN-C2 |p ZGY02958 |r 2019-09-25 |w 2019-09-25 |y BK | ||